An Outline American history
Spremljeno u:
| Format: | Sách giấy |
|---|---|
| Jezik: | Vietnamese |
| Izdano: |
USA :
United States Infomation Agency (USIA),
1999
|
| Oznake: |
Dodaj oznaku
Bez oznaka, Budi prvi tko označuje ovaj zapis!
|
| Thư viện lưu trữ: | Thư viện Trường Đại học Đà Lạt |
|---|
| LEADER | 00584nam a2200265 4500 | ||
|---|---|---|---|
| 001 | DLU040029281 | ||
| 005 | ##20040927 | ||
| 040 | # | # | |a DLU |b vie |
| 041 | # | # | |a vie |
| 044 | # | # | |a vn |
| 082 | # | # | |a 973 |b Out |
| 245 | # | # | |a An Outline American history |
| 260 | # | # | |a USA : |b United States Infomation Agency (USIA), |c 1999 |
| 300 | # | # | |a 405 tr. ; |c 21 cm |
| 923 | # | # | |a 14/2004 |
| 992 | # | # | |a 12.200 |
| 994 | # | # | |a DLU |
| 900 | # | # | |a True |
| 911 | # | # | |a Đào Thị Thu Huyền |
| 925 | # | # | |a G |
| 926 | # | # | |a A |
| 927 | # | # | |a SH |
| 980 | # | # | |a Thư viện Trường Đại học Đà Lạt |